Géographie de l'Afrique par lettre - M - Statistiques

Statistiques générales
  • Ce quiz a été pris 167 fois
  • Le résultat moyen est 7 sur 12
Statistiques - réponses
Indice Réponse % Correct
Plus grande île du continent Madagascar
98%
Pays à l'ouest de l'Afrique, sa capitale est Bamako Mali
98%
Pays où se situent Tanger et Casablanca Maroc
98%
Mer située au nord, séparant l'Afrique de l'Europe Méditerranée
96%
Langue parlée sur cette même île Malgache
90%
Archipel étant aussi un département français Mayotte
76%
Capitale du Liberia dont le nom vient d'un président américain Monrovia
59%
Chef-lieu du dessus Mamoudzou
48%
Ville insulaire ayant été la capitale de la Guinée Équatoriale jusqu'en 2026 Malabo
29%
Ville d'Égypte au nom similaire à un pays du continent Mallawi
18%
Monnaie du Mozambique Metical
3%
Une des îles principales des Comores Mohéli
3%
Aucun quiz correspondant
Distribution des résultats
% des personnes avec chaque résultat
Percentile par nombre de réponses
Votre historique - résultats
Vous n’avez pas pris ce quiz